<?xml version="1.0" encoding="UTF-8"?>
<record
    xmlns:xsi="http://www.w3.org/2001/XMLSchema-instance"
    xsi:schemaLocation="http://www.loc.gov/MARC21/slim http://www.loc.gov/standards/marcxml/schema/MARC21slim.xsd"
    xmlns="http://www.loc.gov/MARC21/slim">

  <leader>01096nam a22003371  4500</leader>
  <controlfield tag="001"> 01107648</controlfield>
  <controlfield tag="003">DO-SdBNP</controlfield>
  <controlfield tag="005">20240614111434.0</controlfield>
  <controlfield tag="007"> 01107648</controlfield>
  <controlfield tag="008">920725s2009 pr    spa  </controlfield>
  <datafield tag="017" ind1=" " ind2=" ">
    <subfield code="a"> </subfield>
    <subfield code="b"> </subfield>
  </datafield>
  <datafield tag="020" ind1=" " ind2=" ">
    <subfield code="a">9780847715909</subfield>
  </datafield>
  <datafield tag="035" ind1=" " ind2=" ">
    <subfield code="a"> </subfield>
  </datafield>
  <datafield tag="040" ind1=" " ind2=" ">
    <subfield code="a">BPMSU</subfield>
    <subfield code="b">spa</subfield>
    <subfield code="c">BPMSU</subfield>
  </datafield>
  <datafield tag="082" ind1=" " ind2="4">
    <subfield code="a">PR863.44</subfield>
    <subfield code="b">F363r 2009</subfield>
    <subfield code="2">22</subfield>
  </datafield>
  <datafield tag="100" ind1="1" ind2=" ">
    <subfield code="a">Fern&#xE1;ndez Juncos, Manuel</subfield>
    <subfield code="d">1846-1928</subfield>
  </datafield>
  <datafield tag="245" ind1="1" ind2="3">
    <subfield code="a"> Los tres reyes magos llegan de noche.../</subfield>
    <subfield code="c">Manuel Fern&#xE1;ndez Juncos; m&#xFA;sica  Braulio Due&#xF1;o Col&#xF3;n ; ilustraciones de Marjorie Ann V&#xE9;lez </subfield>
    <subfield code="b"> </subfield>
    <subfield code="h"> </subfield>
  </datafield>
  <datafield tag="260" ind1=" " ind2=" ">
    <subfield code="a">Colombia  : </subfield>
    <subfield code="b">Universidad de Puerto Rico, </subfield>
    <subfield code="c">2007</subfield>
  </datafield>
  <datafield tag="300" ind1=" " ind2=" ">
    <subfield code="a">22 p. :</subfield>
    <subfield code="b">il,. ;</subfield>
    <subfield code="c">21 cm</subfield>
  </datafield>
  <datafield tag="490" ind1="0" ind2=" ">
    <subfield code="a">Serie Dos Lenguas</subfield>
  </datafield>
  <datafield tag="500" ind1=" " ind2=" ">
    <subfield code="a"> </subfield>
  </datafield>
  <datafield tag="590" ind1=" " ind2=" ">
    <subfield code="a">Inventariado, 2025/VM</subfield>
  </datafield>
  <datafield tag="650" ind1=" " ind2="4">
    <subfield code="a">Cuentos infantiles puertorrique&#xF1;os</subfield>
    <subfield code="v"> </subfield>
    <subfield code="2"> </subfield>
  </datafield>
  <datafield tag="650" ind1=" " ind2="4">
    <subfield code="a">Libros ilustrados infantiles </subfield>
  </datafield>
  <datafield tag="700" ind1="1" ind2=" ">
    <subfield code="a">Ann V&#xE9;lez, Marjorie </subfield>
    <subfield code="d">1975-</subfield>
    <subfield code="e">ilustraci&#xF3;n</subfield>
  </datafield>
  <datafield tag="700" ind1="1" ind2=" ">
    <subfield code="a">Due&#xF1;o Col&#xF3;n, Braulio </subfield>
    <subfield code="d">1854-?</subfield>
    <subfield code="e">m&#xFA;sica</subfield>
  </datafield>
  <datafield tag="710" ind1="2" ind2=" ">
    <subfield code="a">Universidad de Puerto Rico </subfield>
  </datafield>
  <datafield tag="900" ind1=" " ind2=" ">
    <subfield code="6"> </subfield>
  </datafield>
  <datafield tag="910" ind1=" " ind2=" ">
    <subfield code="a">VMateo V. Control de calidad. BPMSU</subfield>
  </datafield>
  <datafield tag="942" ind1=" " ind2=" ">
    <subfield code="2">ddc</subfield>
    <subfield code="c">BK</subfield>
  </datafield>
  <datafield tag="952" ind1=" " ind2=" ">
    <subfield code="0">0</subfield>
    <subfield code="1">0</subfield>
    <subfield code="2">ddc</subfield>
    <subfield code="4">0</subfield>
    <subfield code="7">0</subfield>
    <subfield code="8">CI-G</subfield>
    <subfield code="a">BPMET</subfield>
    <subfield code="b">BPMET</subfield>
    <subfield code="d">2024-06-14</subfield>
    <subfield code="l">0</subfield>
    <subfield code="o">BPMSU CGI PR863.44 F363r 2009</subfield>
    <subfield code="p">BPMSU24060040</subfield>
    <subfield code="r">2024-06-14</subfield>
    <subfield code="w">2024-06-14</subfield>
    <subfield code="y">BK</subfield>
  </datafield>
  <datafield tag="952" ind1=" " ind2=" ">
    <subfield code="0">0</subfield>
    <subfield code="1">0</subfield>
    <subfield code="2">ddc</subfield>
    <subfield code="4">0</subfield>
    <subfield code="7">0</subfield>
    <subfield code="8">CI-G</subfield>
    <subfield code="a">BPMET</subfield>
    <subfield code="b">BPMET</subfield>
    <subfield code="d">2024-06-14</subfield>
    <subfield code="l">0</subfield>
    <subfield code="o">BPMSU CGI PR863.44 F363r 2009</subfield>
    <subfield code="p">BPMSU24060041</subfield>
    <subfield code="r">2024-06-14</subfield>
    <subfield code="t">e.2</subfield>
    <subfield code="w">2024-06-14</subfield>
    <subfield code="y">BK</subfield>
  </datafield>
  <datafield tag="952" ind1=" " ind2=" ">
    <subfield code="0">0</subfield>
    <subfield code="1">0</subfield>
    <subfield code="2">ddc</subfield>
    <subfield code="4">0</subfield>
    <subfield code="7">0</subfield>
    <subfield code="8">CI-G</subfield>
    <subfield code="a">BPMET</subfield>
    <subfield code="b">BPMET</subfield>
    <subfield code="d">2024-06-14</subfield>
    <subfield code="l">0</subfield>
    <subfield code="o">BPMSU CGI PR863.44 F363r 2009</subfield>
    <subfield code="p">BPMSU24060042</subfield>
    <subfield code="r">2024-06-14</subfield>
    <subfield code="t">e.3</subfield>
    <subfield code="w">2024-06-14</subfield>
    <subfield code="y">BK</subfield>
  </datafield>
  <datafield tag="999" ind1=" " ind2=" ">
    <subfield code="c">14670</subfield>
    <subfield code="d">14670</subfield>
  </datafield>
</record>
